AH International Schools' Libraries

Peekaboo: Animal Babies / (Record no. 49443)

MARC details
000 -LEADER
fixed length control field 00424nam a2200145 4500
020 ## - INTERNATIONAL STANDARD BOOK NUMBER
International Standard Book Number 9781846108389
020 ## - INTERNATIONAL STANDARD BOOK NUMBER
International Standard Book Number 1846108381
100 ## - MAIN ENTRY--PERSONAL NAME
Personal name Bugbird, Tim,
Relator term author.
9 (RLIN) 72363
245 ## - TITLE STATEMENT
Title Peekaboo: Animal Babies /
Statement of responsibility, etc by Tim Bugbird.
260 ## - PUBLICATION, DISTRIBUTION, ETC. (IMPRINT)
Place of publication, distribution, etc Hertfordshire ;
Name of publisher, distributor, etc Make Believe Ideas ;
Date of publication, distribution, etc 1 April 2009.
300 ## - PHYSICAL DESCRIPTION
Dimensions 18.1 x 1.5 x 18.1 cm.
650 ## - SUBJECT ADDED ENTRY--TOPICAL TERM
9 (RLIN) 22410
Topical term or geographic name as entry element Animals.
650 ## - SUBJECT ADDED ENTRY--TOPICAL TERM
9 (RLIN) 51053
Topical term or geographic name as entry element Lift-the-flap books.
942 ## - ADDED ENTRY ELEMENTS (KOHA)
Source of classification or shelving scheme
Koha item type Board Book
Holdings
Withdrawn status Lost status Source of classification or shelving scheme Damaged status Not for loan Home library Current library Date acquired Total Checkouts Total Renewals Full call number Barcode Checked out Date last seen Date checked out Price effective from Koha item type
          Logos International School Logos International School 08/27/2025 11 1 BB BUR 042936 05/12/2026 04/22/2026 04/22/2026 08/27/2025 Board Book

For any Logos Library related questions please contact Miss Art at swongnarasuk@asianhope.org.

For any Asian Hope Library related questions please contact Miss Raza at graza@asianhope.org.

Powered by Koha